| 000 | 00350nam a22001571a 4500 | ||
|---|---|---|---|
| 999 |
_c168822 _d168822 |
||
| 082 |
_a294.592 4 _bANN/B |
||
| 100 | _aAnnie Besant | ||
| 245 |
_aThe Bhagavadgita/ _cby Annie Besant. |
||
| 260 |
_a _bAnmol, _c |
||
| 300 | _a | ||
| 650 | _aVedic Literature | ||
| 650 | _aReligion | ||
| 650 | _aHinduism | ||
| 650 | _aBhagavad Gita | ||
| 942 | _cBK | ||